Centraľnyje pokazateli

Bibliographic Details
Main Author: Daňo, Ivan, 1953- (Author)
Format: Article
Language:Russian
PhysicalDescription:Res. slov., angl., rus., lit. 3 zázn. v ruš.
Subjects:

MARC

LEADER 00000nab a2200000 a 4500
001 vtls000461263
003 SK-MaSNL
005 20260318124820.0
008 120926c1991 xo 0 rus
015 |a SNBRA19rr/mm-uuuuu 
035 |a CL0461395 
040 |a SNKBUCL  |b slo  |c SNKBUCL  |e AACR2 
041 0 |a rus 
044 |a xo  |c SK 
080 |a 517.93  |2 1981 
100 1 |a Daňo, Ivan,  |d 1953-  |4 aut  |9 11107 
245 1 0 |a Centraľnyje pokazateli  |c Ivan Daňo 
300 |b Res. slov., angl., rus., lit. 3 zázn. v ruš. 
650 0 7 |a diferenciálne rovnice  |2 snkbucl  |9 63334 
650 0 7 |a exponenty Ljapunove  |2 snkbucl  |9 1294148 
655 7 |a články zo zborníkov  |2 snkbucl  |9 166140 
773 0 |t Zborník vedeckých prác Vysokej školy technickej v Košiciach  |d Bratislava : Alfa, 1991  |g S. 37-45 
850 |a Slovenská národná knižnica v Martine  |a MTA001 
852 |a SNK  |b KIS3GCP 
958 |a RK 
992 |a RZB 
999 |c 2575268  |d 2577198